|
|
|
|
| LEADER |
00728cam a2200205 7i4500 |
| 001 |
0000019461 |
| 005 |
20170218090000.0 |
| 008 |
071210 eng |
| 020 |
|
|
|a 9832031745 (pbk.)
|
| 020 |
|
|
|a 9789832031741
|
| 090 |
0 |
0 |
|a QA76.73.C153
|b T45 2002
|
| 100 |
1 |
|
|a Thila, M
|
| 245 |
1 |
0 |
|a C++ :
|b a simplified beginner's approach
|c M Thila.
|
| 260 |
|
|
|a Kuala Lumpur:
|b Venton Pub.,
|c 2002.
|
| 300 |
|
|
|a viii, 349 p.;
|c 26 cm.
|
| 500 |
|
|
|a Includes index
|
| 650 |
0 |
0 |
|a C++ (Computer program language)
|
| 997 |
|
|
|a Communication, Visual Art & Computing, Faculty
|b Computing, Department
|
| 999 |
|
|
|a 0000023034
|b BOK
|c OPEN SHELF
|e 2nd Floor, Bestari Jaya
|
| 999 |
|
|
|a 0000023035
|b BOK
|c OPEN SHELF
|e 2nd Floor, Bestari Jaya
|